|
|
|
|
| LEADER |
00730nta a2200205 i 4500 |
| 001 |
dokt5579 |
| 005 |
20220504133806.0 |
| 008 |
220504s1992 hu om 0|| eng d |
| 040 |
|
|
|a SZTE Doktori Repozitórium
|b hun
|
| 041 |
|
|
|a eng
|
| 100 |
1 |
|
|a Stefanov Ivan
|
| 245 |
1 |
0 |
|a Tissue and organ specific expression of developmentally regulated chimeric genes in transgenic plants
|h [elektronikus dokumentum] /
|c Stefanov Ivan
|
| 260 |
|
|
|c 1992
|
| 502 |
|
|
|a Disszertacio
|
| 650 |
|
4 |
|a biológiai tudományok
|
| 650 |
|
4 |
|a Természettudományok
|
| 650 |
|
4 |
|a Biológiai tudományok
|
| 695 |
|
|
|a Növénytan
|
| 700 |
1 |
|
|a Dudits Dénes
|e ths
|
| 856 |
4 |
0 |
|u https://doktori.bibl.u-szeged.hu/id/eprint/5579/1/1992_ivan_stefanov.pdf
|z Dokumentum-elérés
|